书目信息 |
| 题名: |
山楂高产栽培
|
|
| 作者: | 张鹏 编著 | |
| 分册: | ||
| 出版信息: | 北京 金盾出版社 1992.10 |
|
| 页数: | 104页 | |
| 开本: | 19cm | |
| 丛书名: | ||
| 单 册: | ||
| 中图分类: | S661.5 | |
| 科图分类: | ||
| 主题词: | 山楂--栽培 | |
| 电子资源: | ||
| ISBN: | 7-80022-450-3 | |
| 000 | 00665nam0 2200217 45 | |
| 001 | 0193017533 | |
| 005 | 20070721153801.87 | |
| 010 | @a7-80022-450-3@dCNY3.00 | |
| 100 | @a19800101d1992 em y0chiy0121 ea | |
| 101 | 0 | @achi |
| 102 | @aCN@b110000 | |
| 105 | @ay z 000yy | |
| 200 | 10 | @a山楂高产栽培@ASHAN ZHA GAO CHAN ZAI PEI@f张 鹏编著@FZHANG PENG BIAN ZHU |
| 210 | @a北京@c金盾出版社@d1992.10 | |
| 215 | @a104页@d19cm | |
| 330 | @a包括山楂生产情况、特性和生长需要的环境条件、山楂的品种、栽培技术及病虫害防治。 | |
| 606 | @a山楂@x栽培 | |
| 690 | @aS661.5@v4 | |
| 701 | 0 | @a张鹏@AZHANG PENG@4编著 |
| 801 | 0 | @aCN@bTSSF@c20070721 |
| 905 | @a10447@dS661.5@e173 | |
| 山楂高产栽培/张 鹏编著.-北京:金盾出版社,1992.10 |
| 104页;19cm |
| ISBN 7-80022-450-3:CNY3.00 |
| 包括山楂生产情况、特性和生长需要的环境条件、山楂的品种、栽培技术及病虫害防治。 |
| ● |
| 相关链接 |
|
|
|
|
正题名:山楂高产栽培
索取号:S661.5/173
 
预约/预借
| 序号 | 登录号 | 条形码 | 馆藏地/架位号 | 状态 | 备注 |
| 1 | 0769551 | 207695519 | 第二样本阅览室/ [索取号:S661.5/173] | 在馆 |